Il gioco di Gerald /

In una casa isolata su un lago, Jessie si piega all'ennesima fantasia sessuale del marito Gerald, che questa volta l'ammanetta al massiccio letto in legno. Ma quando umiliata, lei lo allontana con un calcio, l'uomo si affloscia inerte, stroncato da un infarto. Il tempo passa e Jessie, immobilizzata...

Fuld beskrivelse

Saved in:
Bibliografiske detaljer
Hovedforfatter: King, Stephen, (1947- ) (Author)
Andre forfattere: Dobner, Tullio
Format: Bog
Sprog:italiensk
Udgivet: Milano : Sperling & Kupfer, 1993
Udgivelse:4. ed
Serier:Pandora ; 628
Tags: Tilføj Tag
Ingen Tags, Vær først til at tagge denne postø!

MARC

LEADER 00000nam a22000007i 4500
001 IT\ICCU\LO1\0250463
003 ItRI
005 20260115231903.0
008 930202s1993 it |||||| ||||| |||||c
020 |a 882001498X 
040 |b ita  |c importazione bologna sebina 
041 7 |a ita  |2 ISO-639-2 
082 |a 813.54  |9 NARRATIVA AMERICANA IN LINGUA INGLESE. 1945-  |2 19 
100 1 |a King, Stephen,  |d  (1947- )  |0 IT\ICCU\CFIV\000568  |4 aut 
240 1 0 |a Geraldʼs game.  |3 IT\ICCU\BVE\0042827  |9 King, Stephen <1947- > 
245 1 3 |a Il gioco di Gerald /  |c Stephen King ; traduzione di Tullio Dobner. 
250 |a 4. ed 
260 |a Milano :  |b Sperling & Kupfer,  |c 1993 
300 |a 367 p. :  |b 1 c. geogr. ;  |c 22 cm. 
520 |a In una casa isolata su un lago, Jessie si piega all'ennesima fantasia sessuale del marito Gerald, che questa volta l'ammanetta al massiccio letto in legno. Ma quando umiliata, lei lo allontana con un calcio, l'uomo si affloscia inerte, stroncato da un infarto. Il tempo passa e Jessie, immobilizzata e dolorante, sembra votata a una morte lenta, resa ancora più atroce dalla comparsa di un affamato cane randagio e da un'ombra misteriosa e irreale che fa capolino nella stanza... 
700 1 |a Dobner, Tullio  |0 IT\ICCU\CFIV\017568 
790 1 |a Bachman, Richard  |3 IT\ICCU\CFIV\019520  |z King, Stephen (1947- ) 
790 1 |a Evans, Beryl  |c  (pseudonimo)  |3 IT\ICCU\CFIV\336284  |z King, Stephen (1947- ) 
830 0 |a Pandora ;  |v 628  |0 IT\ICCU\CFI\0000150 
942 |2 ddc  |c BK  |n 0 
952 |0 0  |1 0  |4 0  |6 DOC_813_540000000000000_KIN  |7 0  |9 15359  |a BO  |b BO  |d 2026-01-15  |i 9238  |l 0  |o DOC 813.54 KIN  |p BO9238  |r 2026-01-15 23:19:03  |w 2026-01-15  |x [Sebina 5] [1 v.]  |y BK  |z 1 v. 
999 |c 13225  |d 13225